000 00533caa a22001572a 4500
001 016115
003 AR-FADEU
008 311216n########xxu####################dd
092 _aA863.4
_bE83v
100 _aKohon, David José
245 _aEl moscón
300 _aPP. 79-88
500 _aEn: Veinte cuentos de Buenos Aires / Nira Etchenique. Buenos Aires : Companía General Fabril, 1961
942 _cBDGR
999 _c21873
_d21873
773 0 _021863
_921707
_aEtchenique, Nira
_b
_dBuenos Aires
_o44
_tVeinte cuentos de Buenos Aires
_w( AR-FADEU) 016105
_x
_z